000 004440000a22001810004500
020 _a0-88207-635-3
041 0 _aENG
082 0 4 _aG 253.5 F638t
100 1 _aFlorio, Anthony
245 1 0 _aTwo to get ready / Anthony Florio
260 _aWheaton, ILL., USA : Victor
300 _a130 Pag
001 6451
942 _cBK
999 _c36721
_d36721
336 _atexto
_btxt
_2rdacontent
337 _2rdamedia
_asin mediación
_bn
338 _2rdacarrier
_avolumen
_bnc